00371pab a2200133 454500008004000000100002400040245005900064260000900123300001300132362001100145650002500156650002200181773003400203180718b2017 xxu||||| |||| 00| 0 eng d aParanjape, Madhu S. aDeepening crisis of governance in University of Mumbai c2017 ap.17-20. a14 Oct aUniversity of Mumbai aExamination marks aEconomic and Political Weekly